[Event "Stay Safe Play From Home 245"]
[Site "Emanuel Lasker Arena"]
[Date "2020.06.22"]
[Round "6"]
[White "AChessPlayer"]
[Black "Bardellosport"]
[Result "1-0"]
[WhiteElo "2391"]
[BlackElo "2037"]
[Annotator "TA"]
[PlyCount "47"]
[EventDate "2020.06.22"]
[EventType "swiss (blitz)"]

{[%evp 9,47,27,35,36,37,12,40,33,53,25,57,41,51,-299,43,29,230,231,226,136,170,156,255,197,335,325,1100,1060,2358,1608,29984,29985,29985,29986,29996,29996,29996,29997,29998,29999]} 1. e3 e6 2. b3 f5 3. Bb2 Nf6 4. Nf3 Be7 5. c4 O-O 6. Nc3 {A10: English Opening: Unusual Replies for Black.} d6 7. Qc2 Qe8 8. d4 {White is slightly better.} Qg6 {[#]} 9. O-O-O $146 ({Predecessor:} 9. Rg1 Ne4 10. Bd3 Nxc3 11. Bxc3 Nd7 12. g4 Qf7 13. g5 b6 14. O-O-O Bb7 15. g6 hxg6 16. Ng5 Bxg5 17. Rxg5 Nf6 18. Rdg1 Kh7 19. d5 Ng4 20. R1xg4 {1-0 (20) McMichael,R (2200)-Meyer,H Gent 1998}) 9... b6 10. Kb1 Bb7 11. Rg1 $2 {[%mdl 8192] [#]} (11. h4 $1 $14 {stays ahead.}) 11... Ne4 $2 ({Black should play} 11... Bxf3 $1 $19 12. Be2 Bb7) 12. Bd3 $14 d5 $2 (12... Na6 $11) 13. Ne5 $18 Qe8 14. f3 {Strongly threatening g4.} Nxc3+ 15. Bxc3 ({Resist} 15. Qxc3 $6 Nd7 $11) 15... Bf6 (15... dxc4 $16 {might work better.} 16. Bxc4 Bd6) 16. g4 Bxe5 (16... dxc4 $142 17. bxc4 (17. Bxc4 Bxe5 18. dxe5 fxg4 $16) 17... Bxe5) 17. dxe5 c6 $2 (17... dxc4 18. bxc4 (18. Bxc4 fxg4 19. Bb4 c5 $16) 18... Bxf3 {[%mdl 64] Double Attack}) 18. gxf5 exf5 19. Bxf5 g6 {[#]} 20. Bxg6 $1 {[%mdl 512] White mates.} hxg6 21. Rxg6+ Kh7 22. Rg4+ Kh6 23. Rdg1 Qf7 24. Rh4+ {Accuracy: White = 59%, Black = 26%.} 1-0

[Event "Stay Safe Play From Home 245"]
[Site "Emanuel Lasker Arena"]
[Date "2020.06.22"]
[Round "6"]
[White "SoulofWolf"]
[Black "grazie"]
[Result "1-0"]
[WhiteElo "2170"]
[BlackElo "1803"]
[PlyCount "125"]
[EventDate "2020.06.22"]
[EventType "swiss (blitz)"]

1. d4 {[%emt 0:00:00]} e6 {[%emt 0:00:00]} 2. Nf3 {[%emt 0:00:00]} d5 {[%emt 0:00:00]} 3. c4 {[%emt 0:00:00]} Nf6 {[%emt 0:00:00]} 4. Nc3 {[%emt 0:00:01]} Be7 {[%emt 0:00:00]} 5. Bg5 {[%emt 0:00:00]} a6 {[%emt 0:00:00]} 6. e3 {[%emt 0:00:00]} dxc4 {[%emt 0:00:00]} 7. Bxc4 {[%emt 0:00:00]} b5 {[%emt 0:00:00]} 8. Bd3 {[%emt 0:00:00]} Bb7 {[%emt 0:00:01]} 9. O-O {[%emt 0:00:00]} Nbd7 {[%emt 0:00:00]} 10. Ne2 {[%emt 0:00:00]} c5 {[%emt 0:00:00]} 11. Ng3 {[%emt 0:00:00]} Bxf3 {[%emt 0:00:02]} 12. Qxf3 {[%emt 0:00:01]} cxd4 {[%emt 0:00:00]} 13. exd4 {[%emt 0:00:01]} O-O {[%emt 0:00:01]} 14. Rfd1 {[%emt 0:00:00]} h6 {[%emt 0:00:01]} 15. Be3 {[%emt 0:00:03]} Nd5 {[%emt 0:00:01]} 16. Bd2 {[%emt 0:00:01]} Rc8 {[%emt 0:00:02]} 17. Ne4 {[%emt 0:00:01]} N7f6 {[%emt 0:00:02]} 18. a3 {[%emt 0:00:02]} Nxe4 {[%emt 0:00:01]} 19. Qxe4 {[%emt 0:00:00]} Nf6 {[%emt 0:00:01]} 20. Qf3 {[%emt 0:00:00]} Qxd4 {[%emt 0:00:02]} 21. Bc3 {[%emt 0:00:04]} Qg4 {[%emt 0:00:01]} 22. Qe3 {[%emt 0:00:02]} Bc5 {[%emt 0:00:02]} 23. Qe1 {[%emt 0:00:02]} Rcd8 {[%emt 0:00:01]} 24. Be2 {[%emt 0:00:00]} Rxd1 {[%emt 0:00:02]} 25. Rxd1 {[%emt 0:00:00]} Qf5 {[%emt 0:00:04]} 26. Bd3 {[%emt 0:00:03]} Qh5 {[%emt 0:00:03]} 27. Bxf6 {[%emt 0:00:04]} gxf6 {[%emt 0:00:01]} 28. b4 {[%emt 0:00:02]} Ba7 {[%emt 0:00:02]} 29. Be2 {[%emt 0:00:00]} Qg5 {[%emt 0:00:02]} 30. Qd2 {[%emt 0:00:02]} Qxd2 {[%emt 0:00:02]} 31. Rxd2 {[%emt 0:00:00]} Rc8 {[%emt 0:00:02]} 32. g3 {[%emt 0:00:01]} Rc3 {[%emt 0:00:02]} 33. Ra2 {[%emt 0:00:02]} Bd4 {[%emt 0:00:02]} 34. Kg2 {[%emt 0:00:01]} f5 {[%emt 0:00:01]} 35. Bf3 {[%emt 0:00:01]} Kg7 {[%emt 0:00:01]} 36. Bb7 {[%emt 0:00:00]} Rb3 {[%emt 0:00:05]} 37. Bxa6 {[%emt 0:00:01]} Rb2 {[%emt 0:00:00]} 38. Rxb2 {[%emt 0:00:01]} Bxb2 {[%emt 0:00:00]} 39. a4 {[%emt 0:00:04]} Ba3 {[%emt 0:00:00]} 40. axb5 {[%emt 0:00:02]} Bxb4 {[%emt 0:00:00]} 41. b6 {[%emt 0:00:00]} Bd6 {[%emt 0:00:02]} 42. b7 {[%emt 0:00:00]} Bb8 {[%emt 0:00:02]} 43. Bb5 {[%emt 0:00:01]} Kf6 {[%emt 0:00:00]} 44. Bc6 {[%emt 0:00:01]} e5 {[%emt 0:00:00]} 45. f3 {[%emt 0:00:01]} Ke6 {[%emt 0:00:00]} 46. g4 {[%emt 0:00:03]} fxg4 {[%emt 0:00:01]} 47. fxg4 {[%emt 0:00:01]} f5 {[%emt 0:00:00]} 48. Be8 {[%emt 0:00:00]} fxg4 {[%emt 0:00:01]} 49. Kg3 {[%emt 0:00:00]} Kf5 {[%emt 0:00:01]} 50. Bd7+ {[%emt 0:00:01]} Kg5 {[%emt 0:00:00]} 51. Bxg4 {[%emt 0:00:00]} e4+ {[%emt 0:00:01]} 52. Kg2 {[%emt 0:00:02]} Kxg4 {[%emt 0:00:01]} 53. h3+ {[%emt 0:00:01]} Kf4 {[%emt 0:00:00]} 54. h4 {[%emt 0:00:01]} e3 {[%emt 0:00:00]} 55. h5 {[%emt 0:00:00]} Ke4 {[%emt 0:00:01]} 56. Kh3 {[%emt 0:00:00]} Kd3 {[%emt 0:00:00]} 57. Kg2 {[%emt 0:00:00]} e2 {[%emt 0:00:00]} 58. Kf3 {[%emt 0:00:00]} Kd2 {[%emt 0:00:00]} 59. Kg4 {[%emt 0:00:00]} e1=Q {[%emt 0:00:00]} 60. Kf5 {[%emt 0:00:00]} Qe7 {[%emt 0:00:01]} 61. Kg6 {[%emt 0:00:00]} Qxb7 {[%emt 0:00:00]} 62. Kf5 {[%emt 0:00:00]} Qh7+ {[%emt 0:00:01]} 63. Kg4 {[%emt 0:00:01] Zeit (Lag: Av=0.40s, max=1.0s)} 1-0

[Event "Stay Safe Play From Home 245"]
[Site "Emanuel Lasker Arena"]
[Date "2020.06.22"]
[Round "6"]
[White "Lamborghini"]
[Black "Klasman"]
[Result "1-0"]
[WhiteElo "2141"]
[BlackElo "1226"]
[Annotator "NA"]
[PlyCount "43"]
[EventDate "2020.06.22"]
[EventType "swiss (blitz)"]

1. e4 {[%emt 0:00:02]} f5 {[%emt 0:00:01]} 2. exf5 {[%emt 0:00:01]} Nf6 {[%emt 0:00:01]} 3. d4 {[%emt 0:00:00]} d5 {[%emt 0:00:01]} 4. Bd3 {[%emt 0:00:00]} e6 {[%emt 0:00:02]} 5. fxe6 {[%emt 0:00:01]} Bd6 {[%emt 0:00:01]} 6. Nf3 {[%emt 0:00:00]} Bxe6 {[%emt 0:00:01]} 7. O-O {[%emt 0:00:00]} O-O {[%emt 0:00:01]} 8. Ng5 {[%emt 0:00:01]} Bg4 {[%emt 0:00:03]} 9. Bxh7+ {[%emt 0:00:01]} Kh8 {[%emt 0:00:08]} 10. Qd3 {[%emt 0:00:01]} Ne4 {[%emt 0:00:09]} 11. Bxe4 {[%emt 0:00:02]} dxe4 {[%emt 0:00:03]} 12. Qxe4 {[%emt 0:00:00]} Bf5 {[%emt 0:00:04]} 13. Qxb7 {[%emt 0:00:03]} Nd7 {[%emt 0:00:02]} 14. Qf3 {[%emt 0:00:01]} Bxc2 {[%emt 0:00:03]} 15. Qh3+ {[%emt 0:00:01]} Kg8 {[%emt 0:00:03]} 16. Nc3 {[%emt 0:00:00]} Nf6 {[%emt 0:00:04]} 17. Qe6+ {[%emt 0:00:02]} Kh8 {[%emt 0:00:04]} 18. Qh3+ {[%emt 0:00:00]} Bh7 {[%emt 0:00:03]} 19. Be3 {[%emt 0:00:02]} c5 {[%emt 0:00:03]} 20. dxc5 {[%emt 0:00:01]} Be5 {[%emt 0:00:01]} 21. Rad1 {[%emt 0:00:01]} Bxc3 {[%emt 0:00:02]} 22. Rxd8 {[%emt 0:00:02] Time (Lag: Av=0.46s, max=1.1s)} 1-0

[Event "Stay Safe Play From Home 245"]
[Site "Emanuel Lasker Arena"]
[Date "2020.06.22"]
[Round "6"]
[White "Lazieri3"]
[Black "Bishop91"]
[Result "1-0"]
[WhiteElo "2139"]
[BlackElo "1762"]
[Annotator "NA"]
[PlyCount "57"]
[EventDate "2020.06.22"]
[EventType "swiss (blitz)"]

1. e4 {[%emt 0:00:02]} e6 {[%emt 0:00:01]} 2. e5 {[%emt 0:00:01]} d5 {[%emt 0:00:04]} 3. exd6 {[%emt 0:00:00]} Bxd6 {[%emt 0:00:01]} 4. d4 {[%emt 0:00:00]} Nf6 {[%emt 0:00:00]} 5. c3 {[%emt 0:00:00]} O-O {[%emt 0:00:02]} 6. Nf3 {[%emt 0:00:00]} Nbd7 {[%emt 0:00:01]} 7. Be2 {[%emt 0:00:00]} b6 {[%emt 0:00:00]} 8. O-O {[%emt 0:00:00]} Bb7 {[%emt 0:00:00]} 9. h3 {[%emt 0:00:00]} c5 {[%emt 0:00:01]} 10. Be3 {[%emt 0:00:01]} cxd4 {[%emt 0:00:01]} 11. Nxd4 {[%emt 0:00:00]} Nd5 {[%emt 0:00:02]} 12. Bd2 {[%emt 0:00:02]} N7f6 {[%emt 0:00:01]} 13. Bf3 {[%emt 0:00:01]} Rb8 {[%emt 0:00:02]} 14. Bg5 {[%emt 0:00:02]} h6 {[%emt 0:00:02]} 15. Bh4 {[%emt 0:00:01]} g5 {[%emt 0:00:01]} 16. Bg3 {[%emt 0:00:01]} Bxg3 {[%emt 0:00:01]} 17. fxg3 {[%emt 0:00:00]} Ne7 {[%emt 0:00:02]} 18. Nd2 {[%emt 0:00:02]} Bxf3 {[%emt 0:00:01]} 19. N2xf3 {[%emt 0:00:02]} Ng6 {[%emt 0:00:00]} 20. Qe2 {[%emt 0:00:01]} Qc7 {[%emt 0:00:01]} 21. Kh2 {[%emt 0:00:01]} Rbd8 {[%emt 0:00:01]} 22. Rae1 {[%emt 0:00:02]} g4 {[%emt 0:00:01]} 23. Ne5 {[%emt 0:00:03]} Nxe5 {[%emt 0:00:01]} 24. Qxe5 {[%emt 0:00:01]} gxh3 {[%emt 0:00:00]} 25. Qxc7 {[%emt 0:00:02]} hxg2 {[%emt 0:00:02]} 26. Kxg2 {[%emt 0:00:01]} Rfe8 {[%emt 0:00:01]} 27. Rxf6 {[%emt 0:00:02]} Kg7 {[%emt 0:00:01]} 28. Qxf7+ {[%emt 0:00:02]} Kh8 {[%emt 0:00:03]} 29. Rxh6# {[%emt 0:00:00] (Lag: Av=0.45s, max=0.7s)} 1-0

[Event "Stay Safe Play From Home 245"]
[Site "Emanuel Lasker Arena"]
[Date "2020.06.22"]
[Round "6"]
[White "Trotsky"]
[Black "Mepe_Nika"]
[Result "0-1"]
[WhiteElo "1567"]
[BlackElo "2308"]
[PlyCount "44"]
[EventDate "2020.06.22"]
[EventType "swiss (blitz)"]

1. d4 {[%emt 0:00:01]} c5 {[%emt 0:00:01]} 2. e3 {[%emt 0:00:00]} cxd4 {[%emt 0:00:01]} 3. exd4 {[%emt 0:00:01]} d5 {[%emt 0:00:01]} 4. c4 {[%emt 0:00:01]} Nf6 {[%emt 0:00:00]} 5. Nc3 {[%emt 0:00:01]} g6 {[%emt 0:00:01]} 6. c5 {[%emt 0:00:02]} Bg7 {[%emt 0:00:01]} 7. Bd3 {[%emt 0:00:01]} O-O {[%emt 0:00:01]} 8. Be3 {[%emt 0:00:01]} b6 {[%emt 0:00:01]} 9. Qc2 {[%emt 0:00:01]} bxc5 {[%emt 0:00:01]} 10. Nf3 {[%emt 0:00:02]} Nc6 {[%emt 0:00:03]} 11. a3 {[%emt 0:00:02]} Bg4 {[%emt 0:00:03]} 12. h4 {[%emt 0:00:02]} Bxf3 {[%emt 0:00:01]} 13. gxf3 {[%emt 0:00:01]} cxd4 {[%emt 0:00:01]} 14. Bxd4 {[%emt 0:00:04]} Nxd4 {[%emt 0:00:01]} 15. Qd1 {[%emt 0:00:07]} Rb8 {[%emt 0:00:01]} 16. Rb1 {[%emt 0:00:02]} e5 {[%emt 0:00:03]} 17. h5 {[%emt 0:00:02]} e4 {[%emt 0:00:01]} 18. Bc2 {[%emt 0:00:02]} Nxf3+ {[%emt 0:00:01]} 19. Kf1 {[%emt 0:00:01]} Ng4 {[%emt 0:00:05]} 20. Kg2 {[%emt 0:00:06]} Qg5 {[%emt 0:00:05]} 21. Qe2 {[%emt 0:00:10]} Ne3+ {[%emt 0:00:03]} 22. Kh3 {[%emt 0:00:02]} Qg4# {[%emt 0:00:02] (Lag: Av=0.37s, max=0.8s)} 0-1

[Event "Stay Safe Play From Home 245"]
[Site "Emanuel Lasker Arena"]
[Date "2020.06.22"]
[Round "7"]
[White "SoulofWolf"]
[Black "Shyamph1980"]
[Result "1-0"]
[WhiteElo "2174"]
[BlackElo "1534"]
[Annotator "NA"]
[PlyCount "75"]
[EventDate "2020.06.22"]
[EventType "swiss (blitz)"]

1. d4 {[%emt 0:00:00]} d5 {[%emt 0:00:01]} 2. Nf3 {[%emt 0:00:00]} c6 {[%emt 0:00:01]} 3. Bg5 {[%emt 0:00:00]} Nf6 {[%emt 0:00:03]} 4. c3 {[%emt 0:00:01]} Bg4 {[%emt 0:00:01]} 5. Nbd2 {[%emt 0:00:01]} e6 {[%emt 0:00:01]} 6. h3 {[%emt 0:00:00]} Bh5 {[%emt 0:00:03]} 7. g4 {[%emt 0:00:00]} Bg6 {[%emt 0:00:01]} 8. Bg2 {[%emt 0:00:00]} h6 {[%emt 0:00:01]} 9. Bh4 {[%emt 0:00:01]} Be7 {[%emt 0:00:01]} 10. O-O {[%emt 0:00:00]} Nbd7 {[%emt 0:00:01]} 11. Re1 {[%emt 0:00:02]} Qc7 {[%emt 0:00:00]} 12. Bg3 {[%emt 0:00:01]} Bd6 {[%emt 0:00:01]} 13. Bxd6 {[%emt 0:00:03]} Qxd6 {[%emt 0:00:01]} 14. c4 {[%emt 0:00:02]} Ne4 {[%emt 0:00:02]} 15. c5 {[%emt 0:00:02]} Qc7 {[%emt 0:00:01]} 16. Nf1 {[%emt 0:00:02]} O-O {[%emt 0:00:01]} 17. Rc1 {[%emt 0:00:00]} f5 {[%emt 0:00:03]} 18. Ne3 {[%emt 0:00:02]} f4 {[%emt 0:00:02]} 19. Nf1 {[%emt 0:00:01]} e5 {[%emt 0:00:06]} 20. b4 {[%emt 0:00:02]} exd4 {[%emt 0:00:01]} 21. Nxd4 {[%emt 0:00:00]} Ne5 {[%emt 0:00:01]} 22. Ne6 {[%emt 0:00:01]} Qe7 {[%emt 0:00:04]} 23. Nxf8 {[%emt 0:00:01]} Rxf8 {[%emt 0:00:02]} 24. Nd2 {[%emt 0:00:03]} Qh4 {[%emt 0:00:01]} 25. Nxe4 {[%emt 0:00:04]} Bxe4 {[%emt 0:00:02]} 26. f3 {[%emt 0:00:00]} Bg6 {[%emt 0:00:03]} 27. Qd4 {[%emt 0:00:02]} Re8 {[%emt 0:00:03]} 28. Rf1 {[%emt 0:00:04]} Qf6 {[%emt 0:00:04]} 29. e3 {[%emt 0:00:02]} Nxf3+ {[%emt 0:00:01]} 30. Rxf3 {[%emt 0:00:03]} Qxd4 {[%emt 0:00:03]} 31. exd4 {[%emt 0:00:00]} Be4 {[%emt 0:00:01]} 32. Rxf4 {[%emt 0:00:01]} Bxg2 {[%emt 0:00:01]} 33. Kxg2 {[%emt 0:00:00]} Re2+ {[%emt 0:00:01]} 34. Rf2 {[%emt 0:00:01]} Re4 {[%emt 0:00:00]} 35. Rd1 {[%emt 0:00:01]} Kh7 {[%emt 0:00:01]} 36. a4 {[%emt 0:00:01]} Kg6 {[%emt 0:00:01]} 37. b5 {[%emt 0:00:00]} cxb5 {[%emt 0:00:01]} 38. axb5 {[%emt 0:00:00] Time (Lag: Av=0.76s, max=5.8s)} 1-0

[Event "Stay Safe Play From Home 245"]
[Site "Emanuel Lasker Arena"]
[Date "2020.06.22"]
[Round "7"]
[White "Lamborghini"]
[Black "AChessPlayer"]
[Result "1/2-1/2"]
[WhiteElo "2142"]
[BlackElo "2395"]
[Annotator "TA"]
[PlyCount "82"]
[EventDate "2020.06.22"]
[EventType "swiss (blitz)"]

{[%evp 9,82,16,27,15,72,35,65,33,94,26,25,0,25,-81,-83,-89,-85,-60,-66,-272,-258,-253,-235,-340,-343,-416,-356,-336,-341,-618,-596,-593,-224,-207,-210,-183,893,897,829,0,1214,652,998,977,911,892,859,852,29990,29991,29990,-654,-648,-641,-611,-472,0,-29985,-590,-897,-949,-925,-848,-834,-833,-833,-779,-887,-666,-660,0,-622,0,-482,0]} 1. e4 g6 2. d4 Bg7 3. Nc3 d6 4. Be3 a6 5. Qf3 {[#]} Nd7 $146 ({Predecessor:} 5... Nc6 6. O-O-O e5 7. dxe5 Nxe5 8. Qg3 Nc6 9. Bg5 Qxg5+ 10. Qxg5 Bh6 11. h4 Be6 12. f4 Bxg5 13. hxg5 {1-0 (33) Zvjaginsev,V (2675)-Halvax,G (2373) Novi Sad 2016}) 6. O-O-O {B06: Modern Defence.} e6 (6... b5 $11 {keeps the balance.}) 7. g4 h6 8. h4 {White is slightly better.} Ne7 (8... b5 $1 $14) 9. Nge2 (9. a3 $16) 9... b5 $11 10. Ng3 Bb7 11. Bd3 (11. Kb1 $11 {remains equal.}) 11... Rc8 $17 12. Kb1 c5 13. dxc5 Nxc5 14. Bxb5+ $2 ({Better is} 14. g5 $15) 14... axb5 $19 15. Nxb5 O-O 16. g5 (16. Nxd6 {might work better.} Qb6 17. Bd4 Bxd4 18. Rxd4) 16... Qb6 17. c4 h5 18. Rxd6 Qa5 {Hoping for ...Nf5!} 19. Bd2 $2 (19. Bxc5 Rxc5 20. Qa3 Qxa3 21. Nxa3) 19... Qa8 20. Re1 {[#]} Rfd8 $2 (20... Nf5 $1 {[%mdl 512]} 21. Bb4 (21. exf5 Bxf3) 21... Nxe4 $1 {[%mdl 512]}) 21. Bb4 Rxd6 22. Nxd6 {[#]} Rc7 $4 {[%mdl 8192]} (22... Nf5 $1 $19 {[%mdl 512]} 23. Nxc8 (23. Ndxf5 exf5) 23... Qxc8) 23. Qxf7+ $18 Kh7 24. Bxc5 $2 (24. Ne8 $18 {[%csl Ge8][%cal Rf7g7]} Nd5 25. Nxc7 Nxc7 26. Bxc5) 24... Rxc5 $4 {[%mdl 8192]} (24... Qa5 $11 25. Re2 (25. b4 Qa3 $11) 25... Nd5 26. Nxb7 (26. Qxe6 $2 Nf4 $19) 26... Nc3+ 27. bxc3 Qxc3) 25. Qxe7 {Ne8 is the strong threat.} Bc6 {[#]} 26. Ngf5 $1 exf5 27. exf5 Rxf5 28. Nxf5 {[%csl Gf5][%cal Re7g7]} Be4+ 29. Rxe4 {[%csl Gf5][%cal Re7g7]} gxf5 30. Qxg7+ $4 {[%mdl 8192]} (30. Re6 Qb8 31. Rh6+ Kg8 32. Qe6+ {[%mdl 64] Double Attack} Kf8 33. Qxf5+ Kg8 34. Qh7+ Kf8 {[#]} 35. Qh8+ $1 {[%mdl 512]} Bxh8 36. Rxh8+ Ke7 37. Rxb8) 30... Kxg7 $19 {[%mdl 4096] Endgame KQ-KR} 31. Re7+ Kg6 32. Re6+ Kg7 $2 (32... Kf7 $19 33. Re1 Qf3) 33. Rg6+ $2 {[%mdl 8192]} (33. Re7+ $11 Kg6 34. Re6+ Kf7 35. Re1) 33... Kf8 (33... Kxg6 $142 34. b4 Qe4+ 35. Kb2 Qxh4 36. f3 Qf2+ 37. Kb3 Qxf3+ 38. Kb2 h4 39. c5 h3 40. c6 Qxc6 41. Kb3 h2 42. b5 Qxb5+ 43. Ka3 Qc4 44. Kb2 h1=Q 45. Ka3 Qhc1#) 34. b3 Qe4+ 35. Kb2 Qe5+ 36. Ka3 Qa5+ 37. Kb2 Qd2+ 38. Kb1 Qd1+ 39. Kb2 Qd2+ $2 (39... Qd4+ $19 40. Ka3 Qxh4 41. Rf6+ Kg7 42. Rxf5 Qg4) 40. Ka3 $2 {[%mdl 8192]} (40. Kb1 $11 Qxf2 41. a4) 40... Qa5+ 41. Kb2 Qd2+ $2 {What a fight! Accuracy: White = 30%, Black = 47%.} (41... Qc5 $19 42. f3 Qd4+ 43. Ka3 Qxh4) 1/2-1/2

[Event "Stay Safe Play From Home 245"]
[Site "Emanuel Lasker Arena"]
[Date "2020.06.22"]
[Round "7"]
[White "Bardellosport"]
[Black "Mepe_Nika"]
[Result "0-1"]
[WhiteElo "2034"]
[BlackElo "2308"]
[PlyCount "134"]
[EventDate "2020.06.22"]
[EventType "swiss (blitz)"]

1. Nc3 {[%emt 0:00:03]} d5 {[%emt 0:00:01]} 2. e4 {[%emt 0:00:01]} dxe4 {[%emt 0:00:00]} 3. Nxe4 {[%emt 0:00:01]} Bf5 {[%emt 0:00:00]} 4. Ng3 {[%emt 0:00:00]} Bg6 {[%emt 0:00:01]} 5. d4 {[%emt 0:00:01]} e6 {[%emt 0:00:00]} 6. c3 {[%emt 0:00:00]} Nf6 {[%emt 0:00:01]} 7. Nf3 {[%emt 0:00:00]} c5 {[%emt 0:00:00]} 8. Bb5+ {[%emt 0:00:01]} Nc6 {[%emt 0:00:01]} 9. Bxc6+ {[%emt 0:00:01]} bxc6 {[%emt 0:00:00]} 10. Be3 {[%emt 0:00:01]} cxd4 {[%emt 0:00:02]} 11. Nxd4 {[%emt 0:00:00]} c5 {[%emt 0:00:01]} 12. Nc6 {[%emt 0:00:02]} Qxd1+ {[%emt 0:00:02]} 13. Rxd1 {[%emt 0:00:00]} Nd5 {[%emt 0:00:05]} 14. Ne5 {[%emt 0:00:01]} Nxe3 {[%emt 0:00:02]} 15. fxe3 {[%emt 0:00:00]} Be7 {[%emt 0:00:01]} 16. Nxg6 {[%emt 0:00:01]} hxg6 {[%emt 0:00:01]} 17. Ke2 {[%emt 0:00:01]} Rd8 {[%emt 0:00:02]} 18. Ne4 {[%emt 0:00:01]} Rxd1 {[%emt 0:00:02]} 19. Rxd1 {[%emt 0:00:01]} Rxh2 {[%emt 0:00:02]} 20. Kf3 {[%emt 0:00:01]} Rh5 {[%emt 0:00:01]} 21. Nd6+ {[%emt 0:00:01]} Kf8 {[%emt 0:00:04]} 22. Nc8 {[%emt 0:00:01]} Rd5 {[%emt 0:00:02]} 23. Rc1 {[%emt 0:00:04]} Rd7 {[%emt 0:00:02]} 24. b4 {[%emt 0:00:02]} cxb4 {[%emt 0:00:02]} 25. cxb4 {[%emt 0:00:00]} Bxb4 {[%emt 0:00:01]} 26. Rc4 {[%emt 0:00:01]} Be7 {[%emt 0:00:03]} 27. a4 {[%emt 0:00:02]} f5 {[%emt 0:00:01]} 28. a5 {[%emt 0:00:02]} Kf7 {[%emt 0:00:01]} 29. a6 {[%emt 0:00:01]} Bf6 {[%emt 0:00:01]} 30. e4 {[%emt 0:00:02]} g5 {[%emt 0:00:01]} 31. exf5 {[%emt 0:00:01]} exf5 {[%emt 0:00:00]} 32. g4 {[%emt 0:00:00]} f4 {[%emt 0:00:01]} 33. Ke4 {[%emt 0:00:01]} Be7 {[%emt 0:00:01]} 34. Nxe7 {[%emt 0:00:02]} Kxe7 {[%emt 0:00:01]} 35. Kf5 {[%emt 0:00:00]} Kd6 {[%emt 0:00:01]} 36. Kxg5 {[%emt 0:00:01]} Rf7 {[%emt 0:00:01]} 37. Rc2 {[%emt 0:00:02]} f3 {[%emt 0:00:01]} 38. Rf2 {[%emt 0:00:00]} Kc6 {[%emt 0:00:00]} 39. Kh4 {[%emt 0:00:00]} Kb6 {[%emt 0:00:01]} 40. Kg3 {[%emt 0:00:02]} Kxa6 {[%emt 0:00:00]} 41. Ra2+ {[%emt 0:00:01]} Kb5 {[%emt 0:00:01]} 42. Rf2 {[%emt 0:00:00]} a5 {[%emt 0:00:01]} 43. Rb2+ {[%emt 0:00:00]} Kc4 {[%emt 0:00:01]} 44. Rb8 {[%emt 0:00:00]} a4 {[%emt 0:00:01]} 45. Rc8+ {[%emt 0:00:01]} Kb3 {[%emt 0:00:00]} 46. Rc1 {[%emt 0:00:00]} a3 {[%emt 0:00:01]} 47. Rb1+ {[%emt 0:00:01]} Ka2 {[%emt 0:00:01]} 48. Rb8 {[%emt 0:00:00]} f2 {[%emt 0:00:00]} 49. Ra8 {[%emt 0:00:00]} f1=Q {[%emt 0:00:00]} 50. Kh4 {[%emt 0:00:01]} Rf3 {[%emt 0:00:00]} 51. Kg5 {[%emt 0:00:00]} Qh1 {[%emt 0:00:00]} 52. Rh8 {[%emt 0:00:01]} Qh3 {[%emt 0:00:00]} 53. Rxh3 {[%emt 0:00:01]} Rxh3 {[%emt 0:00:00]} 54. Kf5 {[%emt 0:00:00]} Rg3 {[%emt 0:00:00]} 55. g5 {[%emt 0:00:00]} Rg4 {[%emt 0:00:00]} 56. Kg6 {[%emt 0:00:00]} Kb3 {[%emt 0:00:01]} 57. Kh5 {[%emt 0:00:01]} Rxg5+ {[%emt 0:00:00]} 58. Kxg5 {[%emt 0:00:01]} a2 {[%emt 0:00:00]} 59. Kg6 {[%emt 0:00:00]} a1=Q {[%emt 0:00:00]} 60. Kf7 {[%emt 0:00:01]} Qf6+ {[%emt 0:00:00]} 61. Kg8 {[%emt 0:00:00]} g5 {[%emt 0:00:00]} 62. Kh7 {[%emt 0:00:00]} g4 {[%emt 0:00:00]} 63. Kg8 {[%emt 0:00:00]} g3 {[%emt 0:00:00]} 64. Kh7 {[%emt 0:00:00]} Qg5 {[%emt 0:00:00]} 65. Kh8 {[%emt 0:00:01]} g2 {[%emt 0:00:00]} 66. Kh7 {[%emt 0:00:00]} g1=Q {[%emt 0:00:00]} 67. Kh8 {[%emt 0:00:00]} Qh1# {[%emt 0:00:00] (Lag: Av=0.46s, max=5.0s)} 0-1